Appropriation accounts, Uttar Pradesh (Record no. 485722)
[ view plain ]
| 000 -LEADER | |
|---|---|
| fixed length control field | 00396cam a22001217a 4500 |
| 008 - FIXED-LENGTH DATA ELEMENTS--GENERAL INFORMATION | |
| fixed length control field | 180718b-- xxu||||| |||| 00| 0 eng d |
| 082 ## - DEWEY DECIMAL CLASSIFICATION NUMBER | |
| Classification number | L806x5421 A |
| 245 ## - TITLE STATEMENT | |
| Title | Appropriation accounts, Uttar Pradesh |
| 260 ## - PUBLICATION, DISTRIBUTION, ETC. | |
| Place of publication, distribution, etc. | Allahabad |
| Name of publisher, distributor, etc. | Finance Department |
| Date of publication, distribution, etc. | -- |
| 500 ## - GENERAL NOTE | |
| General note | Library has 1993/94-1996/97 |
| 650 ## - SUBJECT ADDED ENTRY--TOPICAL TERM | |
| Topical term or geographic name entry element | Uttar Pradesh - Appropriations and expeditures |
| 700 ## - ADDED ENTRY--PERSONAL NAME | |
| Personal name | Uttar Pradesh. Finance Department |
| Withdrawn status | Lost status | Damaged status | Not for loan | Permanent Location | Current Location | Date acquired | Full call number | Barcode | Date last seen | Price effective from | Koha item type |
|---|---|---|---|---|---|---|---|---|---|---|---|
| Indian Institute of Public Administration | Indian Institute of Public Administration | 2018-08-04 | L806x5421 A | GG33404 | 2018-08-04 | 2018-08-04 | GG | ||||
| Indian Institute of Public Administration | Indian Institute of Public Administration | 2018-08-04 | L806x5421 A | GG33128 | 2018-08-04 | 2018-08-04 | GG | ||||
| Indian Institute of Public Administration | Indian Institute of Public Administration | 2018-08-04 | L806x5421 A | GG23384 | 2018-08-04 | 2018-08-04 | GG | ||||
| Indian Institute of Public Administration | Indian Institute of Public Administration | 2018-08-04 | L806x5421 A | GG22500 | 2018-08-04 | 2018-08-04 | GG |
